Countries that Begin with a Vowel and End with a Different Vowel - Statistics

General Stats
  • This quiz has been taken 207 times
    83 since last reset
  • The average score is 7 of 10
Answer Stats
Answer % Correct
India
87%
Indonesia
82%
Ethiopia
79%
Eritrea
78%
Estonia
78%
Uganda
78%
Eswatini
75%
Ukraine
72%
Italy
61%
Equatorial Guinea
53%
No matching quizzes found
Score Distribution
Percent of People with Each Score
Percentile by Number Answered
Your Score History
You have not taken this quiz since the last reset